| 000 | 00992nam a2200301 i 4500 | ||
|---|---|---|---|
| 001 | 39778 | ||
| 003 | ES-MaACL | ||
| 005 | 20250824063031.0 | ||
| 007 | t| | ||
| 008 | 030304s1980 sp ||||1| spa d | ||
| 017 |
_aM 29616-1980 _bOficina Depósito Legal Madrid |
||
| 020 | _a84-207-2007-0 | ||
| 080 | _a804.0:37.02 | ||
| 080 | _a37.02:804.0 | ||
| 100 | 1 |
_aCantera, Jesús _d1923-2017 _eaut _934641 |
|
| 245 | 1 | 0 |
_aMetodología de la enseñanza del francés / _cJesús Cantera, Eugenio de Vicente |
| 260 |
_aMadrid : _bAnaya, _c1980 |
||
| 300 |
_a140 páginas ; _c22 cm |
||
| 490 | 1 |
_aCiencias de la educación (Anaya) _9231470 |
|
| 500 | _aÍndice | ||
| 650 | 7 |
_aLengua francesa- _xEstudio y enseñanza _9168223 |
|
| 700 | 1 |
_aVicente, Eugenio de _eaut _9114334 |
|
| 830 | 0 |
_aCiencias de la educación (Anaya) _9231470 |
|
| 852 | 4 |
_aES-MaACL _bR.100942 _cDEPO2 _jL-453 |
|
| 942 |
_2udc _cMONOGRAFIA _n0 |
||
| 999 |
_c39778 _d39778 |
||